000 00604nam a2200193Ia 4500
003 GCL
008 140319s9999 xx 000 0 ara d
040 _aGCL /
_cGCL
082 0 4 _a012
_bن م
100 1 _aناصر محمد السويدان
245 1 0 _aمداخل المؤلفين والاعلام العرب /
_cناصر محمد السويدان
700 1 _aمحسن السيد العرينى
300 _a642
490 _aكتاب
_v0
650 0 4 _aاعلام العرب
650 0 4 _aالمؤلفون العرب
650 0 4 _aالببليوجرافيا الذاتية
942 _2ddc
_cBK
999 _c42551
_d42551